000 00271nam a22001217a 4500
008 170314b xxu||||| |||| 00| 0 eng d
041 _aeng
080 _a591
100 _a7
101 _aSHM
245 _aTHE COMMON INSECTS OF NORTH AMERICA
_cSWAN, L.A
942 _2udc
_cBK
999 _c7764
_d7764